| 000 | 00698nam a22001817a 4500 | ||
|---|---|---|---|
| 005 | 20250929153805.0 | ||
| 008 | 250929b |||||||| |||| 00| 0 eng d | ||
| 040 | _cAL | ||
| 041 | _aMalayalam | ||
| 100 |
_aThomas Thaithottam _9240933 |
||
| 100 |
_9240887 _b തോമസ് തൈത്തോട്ടം |
||
| 245 |
_aSymbol of commitment and a thousand peaceful villages _bപ്രതിബദ്ധതയുടെ പ്രതീകം & ആയിരം ശാന്തി ഗ്രാമങ്ങൾ |
||
| 260 |
_bKallachu Publications _c2025 |
||
| 300 |
_a114p. _bPB _c21.5x14cm |
||
| 365 |
_b₹180.00 _c₹ _d₹180.00 |
||
| 650 |
_aGreat wall against alcohol _9240888 |
||
| 942 |
_2ddc _cDB |
||
| 999 |
_c240517 _d240517 |
||